LEADER 01261naa a2200229 u 4500 001 000000099888 003 CaOOAMICUS 005 20070226130200.0 008 051013s1981 it u000 u ita u 035 $a11063602 040 $aIAR$bita 100 1 $aCova, Alberto,$d1932-$0(OLS)http://pul/name/3259 245 10$aOsservazioni sulla origine delle statistiche del Regno italico /$cAlberto Cova. 260 $aBologna :$bIl Mulino,$c1981. 300 $aS. 117-152 ;$c24 cm 650 4$aStatistica$zItalia$ySec. XVIII-XIX.$0(OLS)http://pul/subject/32070 730 0 $aAnnali dell'Istituto storico italo-germanico in Trento = Jahrbuch des Italienisch-Deutschen Historischen Instituts in Trient$g[Spogli].$0(OLS)http://pul/title/8676 773 0 $aJahrbuch des italienisch-deutschen historischen Instituts in Trient.$g5 (1979) 773 0 $aAnnali dell'Istituto storico italo.germanico in Trento.$g5 (1979) 773 0 $aIstituto storico italo-germanico.$tAnnali dell'Istituto storico italo-germanico in Trento = Jahrbuch des Italienisch-Deutschen Historischen Instituts in Trient$w()5918 996 $6245$aOsservazioni sulla origine delle statistiche del Regno italico$9(OLS)http://pul/title/126767 996 $6260$aBologna :$bIl Mulino$9(OLS)http://pul/publisher/47928 LEADER 01269nam a2200265 a 4500 001 000000162943 003 CaOOAMICUS 005 20170926145351.0 008 170926s1995 it m 001 u spa r 032 $aLibriCat 040 $aPUL$bita 100 1 $aGonçalves, Nuno da Silva,$cs.j.,$d1958 -$0(OLS)http://pul/name/104619 245 13$aOs Jesuitas e a defesa da libertade dos Índios na segunda metade do século XVI / $cNuno da Silva Gonçalves. 260 $aRoma :$b[s.n.],$c1995. 300 $a83 p. ; $c25 cm. 502 $aEstratto di Tesi -- Pontificia Universitas Gregoriana. Facoltà di Storia Ecclesiastica.1995. 504 $aBibliografia in nota a piè pagina. 610 24$aGesuiti$xMissioni.$0(OLS)http://pul/subject/15794 710 2 $aPontificia Università Gregoriana.$bFacoltà di storia ecclesiastica.$kTesi.$0(OLS)http://pul/name/11264 850 $aPUL 852 $aPUL$W1$xDP1 Tesi Pon. Univ. Gregoriana$y40$mTH PUG 4137$j186920$qTesi$B190164$CPULBib$Z2$F190164 $H75146 $82 941 1 $a16 996 $6245$aOs Jesuitas e a defesa da libertade dos Índios na segunda metade do século XVI / $9(OLS)http://pul/title/202684 996 $6260$aRoma :$b[s.n.]$9(OLS)http://pul/publisher/47958